000 00348nam a22001457a 4500
003 OSt
005 20160727222523.0
008 160709b xxu||||| |||| 00| 0 eng d
040 _cTEST
100 _92496
_a Bail, S
245 _aMalva: On My Mind
260 _aN.D
_b Children Books Trust
_c2000
300 _aMalva: On My Mind
942 _2ddc
_cBK
999 _c2163
_d2163